Normal view
MARC view
- Muhammad Abu Bakar
Entry Personal Name
001 - CONTROL NUMBER
- control field: 3265
003 - CONTROL NUMBER IDENTIFIER
- control field: OSt
005 - DATE AND TIME OF LATEST TRANSACTION
- control field: 20170511102504.0
008 - FIXED-LENGTH DATA ELEMENTS
- fixed length control field: 170511|| aca||aabn | a|a d
040 ## - CATALOGING SOURCE
- Original cataloging agency: OSt
- Transcribing agency: OSt
100 ## - HEADING--PERSONAL NAME
- Personal name: Muhammad Abu Bakar
670 ## - SOURCE DATA FOUND
- Source citation: Work cat.: (OSt)0: Muhammad Abu Bakar, Mahasiswa menggugat :, 1973.

PORTAL AKMAL
E-MEL JKDM
AKMAL2U
G-BAM
u-PUSTAKA